000 00615nam a2200181 i 4500
001 96278
003 ES-MaACL
005 20231226155049.0
007 t|
008 050615s1974 sp ||||1| spa d
100 1 _aMaeztu, Ramiro de,
_d1875-1936
_975421
245 1 3 _aLa guerra del Transvaal y los misterios de la Banca de Londres /
_cRamiro de Maeztu, Van Poel Krupp (Seud); prólogo por E. Inman Fox.
260 _aMadrid :
_bTaurus,
_c1974.
650 0 4 _aGuerra de los bóers, 1899-1902.
_913191
700 1 _aFox, E. Inman.
_952020
852 _aES-MaACL
_jE-6552
_bR.91107
999 _c96278
_d96278